[Event "ITA-ch Regionale Lombardia Seniores"]
[Site "Robecchetto"]
[Date "2012.12.29"]
[Round "5"]
[White "Marra, Giuseppe"]
[Black "Brioschi, Camillo"]
[Result "1/2-1/2"]
[WhiteElo "1685"]
[BlackElo "1812"]
[PlyCount "45"]
[EventDate "2012.12.27"]
[EventType "swiss"]
[EventRounds "6"]
[EventCountry "ITA"]
[SourceTitle "EXT 2024"]
[Source "ChessBase"]
[SourceDate "2023.10.10"]
[SourceVersion "1"]
[SourceVersionDate "2023.10.10"]
[SourceQuality "1"]

1. a3 d5 2. d4 Bf5 3. Nc3 Nf6 4. Bf4 c6 5. e3 e6 6. Bd3 Bxd3 7. Qxd3 Bd6 8. Nge2 Bxf4 9. Nxf4 Nbd7 10. 0-0 0-0 11. Qe2 e5 12. dxe5 Nxe5 13. Nd3 Qe7 14. Rfe1 Rad8 15. Qf1 Rfe8 16. Ne2 Nc4 17. Ng3 Ne4 18. Re2 Ncd2 19. Qe1 Nxg3 20. hxg3 Ne4 21. f3 Nc5 22. Qb4 Nxd3 23. Qxe7 1/2-1/2

[Event "Bernate Ticino Scheveningen"]
[Site "Bernate Ticino"]
[Date "1997.10.21"]
[Round "4"]
[White "Marra, Giuseppe"]
[Black "Sgnaolin, Davide"]
[Result "0-1"]
[WhiteElo "1603"]
[BlackElo "2055"]
[PlyCount "36"]
[EventDate "1997.10.19"]
[EventType "schev"]
[EventRounds "4"]
[EventCountry "ITA"]
[SourceTitle "EXT 2023"]
[Source "ChessBase"]
[SourceDate "2022.10.05"]
[SourceVersion "1"]
[SourceVersionDate "2022.10.05"]
[SourceQuality "1"]

1. e4 c5 2. Nf3 Nc6 3. d4 cxd4 4. c3 Nf6 5. e5 Nd5 6. cxd4 e6 7. Bc4 Nb6 8. b3 Nxc4 9. bxc4 d5 10. 0-0 b6 11. Ba3 Bxa3 12. Nxa3 Na5 13. Rc1 dxc4 14. Nxc4 Nxc4 15. Rxc4 0-0 16. Qa4 Qd5 17. Rfc1 b5 18. Rc5 bxa4 0-1

[Event "Bernate Ticino Scheveningen"]
[Site "Bernate Ticino"]
[Date "1997.10.20"]
[Round "3"]
[White "Cavallini, Gianfranco"]
[Black "Marra, Giuseppe"]
[Result "1-0"]
[WhiteElo "2065"]
[BlackElo "1603"]
[PlyCount "47"]
[EventDate "1997.10.19"]
[EventType "schev"]
[EventRounds "4"]
[EventCountry "ITA"]
[SourceTitle "EXT 2023"]
[Source "ChessBase"]
[SourceDate "2022.10.05"]
[SourceVersion "1"]
[SourceVersionDate "2022.10.05"]
[SourceQuality "1"]

1. c4 Nf6 2. Nc3 g6 3. Nf3 Bg7 4. d3 0-0 5. h4 h5 6. e4 d6 7. Be2 Nc6 8. Bf4 e5 9. Bg5 Be6 10. Nd5 Bxd5 11. cxd5 Nd4 12. 0-0 Nxf3+ 13. Bxf3 Qd7 14. g3 Rac8 15. Rc1 Rfe8 16. Qd2 c5 17. Bg2 Rf8 18. f4 Ng4 19. f5 f6 20. Be3 Qf7 21. Bh3 Nxe3 22. Qxe3 Kh7 23. fxg6+ Kxg6 24. Bf5# 1-0